| 000 | 01307nam0a22002651 4500 | ||
|---|---|---|---|
| 001 | rc\1164569 | ||
| 005 | 20250622204246.0 | ||
| 035 | _a(NLR Aleph) 006408392 | ||
| 090 |
_a5319691 _c5319691 |
||
| 100 | _a20041129d1980 |||y0rusy50 ca | ||
| 101 | 0 | _arus | |
| 102 | _aRU | ||
| 105 | _ay ||||||||| | ||
| 200 | 1 |
_aСтруктура и функции лизосом _eТез. докл. 2-го всесоюз. симпоз. Новосибирск, 3-5 нояб. 1980 г. _f[Гл. ред. С.С. Дебов] |
|
| 210 |
_aНовосибирск _cНГМИ _d1980 |
||
| 215 |
_a222 с. _d20 |
||
| 300 | _aВ надзаг.: АН СССР, Науч. совет по пробл. биохимии животных и человека, М-во здравоохранения СССР, Новосиб. гос. мед. ин-т, Сиб. отд-ние АМН СССР, Ин-т клинич. и эксперим. медицины | ||
| 702 | 1 |
_4340 _7ca _8rus _aДебов _bС. С. _f1919-1995 _gСергей Сергеевич _9252751 _3RU\NLR\AUTH\770252807 |
|
| 712 | 0 | 2 |
_aАН СССР _bНауч. совет по проблеме "Биохимия животных и человека" |
| 801 | 0 |
_aRU _bNLR _gpsbo |
|
| 801 | 1 |
_aRU _bELAR _2rusmarc |
|
| 852 |
_aNLR _j81-3/3803 |
||
| 942 | _cBOOK | ||
| 980 | _aNB | ||